Ocean's Eleven Trilogy Characters - Statistics

General Stats
  • This quiz has been taken 54 times
  • The average score is 10 of 15
Answer Stats
Description Character % Correct
Ringleader and idea man of the crew Danny Ocean
98%
Level-headed right-hand man of the above Robert "Rusty" Ryan
95%
Flamboyant business kingpin and financial backer for the group Reuben Tishkoff
80%
Ulcerous elderly old-school con-artist Saul Bloom
80%
Skilled newcomer with a family legacy to live up to Linus Caldwell
78%
Slick owner of three Las Vegas casinos, main antagonist in "Ocean's Eleven", but financial member of the group in "Ocean's Thirteen" Terry Benedict
78%
Chinese acrobat and "grease man" in charge of dangerous physical stunts The Amazing Yen
71%
Cockney munitions expert in charge of demolitions and machinery Basher Tarr
68%
Wife of the crew's mastermind, wild card member of the crew in "Ocean's Twelve" Tess Ocean
68%
Experienced card-dealer who usually plays the inside man Frank Catton
66%
Mormon twin brothers hired as the getaway drivers and grunt workers, constantly bickering Turk and Virgil Malloy
59%
Neurotic tech-expert specializing in electronics and communications Livingston Dell
54%
Girlfriend of the leader's right-hand man, former Europol agent specializing in major robberies Isabel Lahiri
44%
Back-stabbing successful hotel mogel, main antagonist in "Ocean's Thirteen" Willy Bank
44%
French baron and master thief, main antagonist in "Ocean's Twelve" François Toulour AKA "The Night Fox"
2%
No matching quizzes found
Score Distribution
Percent of People with Each Score
Percentile by Number Answered
Your Score History
You have not taken this quiz